CFB - NCAA top 25 Players - Statistics

General Stats
  • This quiz has been taken 474 times
  • The average score is 11 of 25
Answer Stats
Hint Answer % Correct
6. CB/WR - 95 ovr - Colorado State Travis Hunter
92%
1. CB - 96 ovr - Michigan Wolverines Will Johnson
77%
3. RB - 96 ovr - Oklahoma State Ollie Gordon II
72%
9. RB - 95 ovr - Ohio State Quinshon Judkins
72%
5. S - 95 ovr - Ohio State Caleb Downs
67%
11. WR - 94 ovr - Missouri Tigers Luther Burden III
65%
2. OT - 96 ovr - LSU Will Campbell
65%
18. QB - 93 ovr - Georgia Bulldogs Carson Beck
59%
17. QB - 93 ovr - Colorado State Shadeur Sanders
59%
23. RB - 93 ovr - Ohio State Treveyon Henderson
55%
8. DL - 95 ovr - Michigan Wolvrines Mason Graham
51%
4. DE - 95 ovr - Tennessee Volunteers James Pearce Jr.
49%
19. WR - 93 ovr - Ohio State Emeka Egbuka
47%
7. DB - 95 ovr - Georgia Bulldogs Malakai Starks
43%
22. RB - 93 ovr - NC Tarheels Omarion Hampton
38%
13. OL - 94 ovr - Texas Longhorns Kelvin Banks Jr.
31%
20. LOLB - 93 ovr - Georgia Bulldogs Mykel Williams
24%
12. CB - 94 ovr - Notre Dame Benjamin Morrison
23%
25. RB - 93 ovr - Cal Golden Bears Jayden Ott
22%
21. RE - 93 ovr - Kentucky Wildcats Deone Walker
18%
10. OL - 95 ovr - Georgia Bulldogs Tate Ratledge
17%
15. LB - 94 ovr - Clemson Tigers Barrett Carter
14%
14. WR - 94 ovr - Arizona Wildcats Tetairoa McMillan
8%
24. LT - 93 ovr - Minnesota Gophers Aireontae Ersery
5%
16. LB - 94 ovr - Iowa Hawkeyes Jay Higgens
1%
No matching quizzes found
Score Distribution
Percent of People with Each Score
Percentile by Number Answered
Your Score History
You have not taken this quiz